000 00451nam a2200157 4500
001 116848
003 ES-MaACL
005 20230906190759.0
007 t|
008 061121s1969 sp r ||||1| spa d
100 1 _aPascual Ferrández, Antonio.
_989381
245 1 0 _aHabilidades perversas /
_cAntonio Pascual Ferrández.
260 _aBarcelona :
_bEdit. Peñíscola,
_c1969.
300 _a197 p. ;
_c17 cm.
852 _aES-MaACL
_jC-52280
_bR.72110
999 _c116848
_d116848